<The> Analysis of structured securities precise risk measurement and capital allocation

Gespeichert in:
Bibliographische Detailangaben
1. Verfasser: Raynes, Sylvain
Weitere Verfasser: Rutledge, Ann
Format: Buch
Sprache:Englisch
Veröffentlicht: New York Oxford University Press 2003
Schlagworte:
Tags: Tag hinzufügen
Keine Tags, Fügen Sie das erste Tag hinzu!

MARC

LEADER 00000nam$a2200000$$$4500
001 0002701
005 20240306135127.5
020 |a 0-19-515273-5 
041 0 |a eng 
044 |a US 
245 1 0 |a <The> Analysis of structured securities  |b precise risk measurement and capital allocation  |c Sylvain Raynes and Ann Rutledge 
264 1 |a New York  |b Oxford University Press  |c 2003 
300 |a 449 s. 
610 2 0 |a papiere cenné 
610 2 0 |a analýzy 
610 2 0 |a riziko 
610 2 0 |a kapitál 
610 2 0 |a obligácie 
610 2 0 |a modelovanie 
610 2 0 |a cash flow 
610 2 0 |a optimalizácia 
610 2 0 |a financie 
610 2 0 |a štrukturalizácia 
610 2 0 |a kontrola riadenia 
610 2 0 |a metódy ekonomicko-matematické 
610 2 0 |a reťazce Markovove 
610 2 0 |a analýza regresná 
610 2 0 |a štúdie prípadové 
100 1 |a Raynes, Sylvain 
700 1 |a Rutledge, Ann